| 000 -LEADER |
| fixed length control field |
00562nam a2200169Ia 4500 |
| 008 - FIXED-LENGTH DATA ELEMENTS--GENERAL INFORMATION |
| fixed length control field |
190805s9999||||xx |||||||||||||| ||und|| |
| 020 ## - INTERNATIONAL STANDARD BOOK NUMBER |
| International Standard Book Number |
9781408088463 |
| Terms of availability |
£ 52.99 |
| 082 04 - DEWEY DECIMAL CLASSIFICATION NUMBER |
| Classification number |
658.72 |
| Item number |
W4188 |
| 100 1# - MAIN ENTRY--PERSONAL NAME |
| Personal name |
Weele, Arjan J. Van |
| 245 10 - TITLE STATEMENT |
| Title |
Purchasing and Supply Chain Chain Management: Analysis, Strategy, Planning and Practice / |
| 250 ## - EDITION STATEMENT |
| Edition statement |
6th ed. |
| 260 ## - PUBLICATION, DISTRIBUTION, ETC. (IMPRINT) |
| Place of publication, distribution, etc |
Hampshire : |
| Name of publisher, distributor, etc |
Cengage Learning, |
| Date of publication, distribution, etc |
2014 |
| 300 ## - PHYSICAL DESCRIPTION |
| Extent |
xxvii, 438 p. |
| Other physical details |
: col. Ill. |
| Dimensions |
; 26 cm. |
| 650 #0 - SUBJECT ADDED ENTRY--TOPICAL TERM |
| Topical term or geographic name as entry element |
Purchasing |
| General subdivision |
Management |
| 852 ## - LOCATION/CALL NUMBER |
| Location |
|
| 942 ## - ADDED ENTRY ELEMENTS (KOHA) |
| Item type |
Books |